LEADER 00966cam0-2200265 --450 001 9910354059303321 005 20191210120101.0 100 $a20191210d1993----km y0itay50 ba 101 0 $aita 102 $aIT 105 $ay 001yy 200 1 $aLocalizzazione degli incidenti stradali 1992$e49. conferenza del traffico e della circolazione, Stresa 6-8 ottobre 1993$fAutomobile club d'Italia, Istituto nazionale di statistica 210 $a[S.l.$cs.n.]$dstampa 1993$eRoma$gAbete grafica 215 $a431 p.$d30 cm 610 0 $aIncidenti stradali$aLocalizzazione$aItalia$a1992 710 02$aAutomobile club d'Italia$05004 711 02$aIstat$0374421 712 12$aConferenza del traffico e della circolazione,$d49.$f<1993 ;$eStresa> 801 0$aIT$bUNINA$gREICAT$2UNIMARC 901 $aBK 912 $a9910354059303321 952 $aY3/35$b1434$fDINTR 959 $aDINTR 996 $aLocalizzazione degli incidenti stradali 1992$91568626 997 $aUNINA LEADER 01102nam0 22002771i 450 001 RML0305122 005 20231121125747.0 100 $a20121121d1961 ||||0itac50 ba 101 | $aeng 102 $aus 181 1$6z01$ai $bxxxe 182 1$6z01$an 200 1 $aMark Twain$fAn introduction and interpretation Frank Baldanza 210 $aNew York $cHolt, Rinehart and Winston, inc. $dİ1961 215 $aIX,150 P.$d21 cm 225 | $aAmerican authors and critics series. - New York $eolt, Rinehart and Winston, Inc. 410 0$1001RML0328609$12001 $aAmerican authors and critics series. - New York $eolt, Rinehart and Winston, Inc. 702 1$aBaldanza$b, Frank$3RMLV196689 801 3$aIT$bIT-01$c20121121 850 $aIT-FR0017 899 $aBiblioteca umanistica Giorgio Aprea$bFR0017 912 $aRML0305122 950 0$aBiblioteca umanistica Giorgio Aprea$d 52CIS 12/201$e 52VM 0000751245 VM barcode:00067011. - Inventario:1485 MAGVM$fA $h20080606$i20121204 977 $a 52 996 $aMARK Twain$9524810 997 $aUNICAS